[Event "Stein am Rhien op 14th"]
[Site "Stein am Rhien"]
[Date "2023.04.30"]
[Round "4"]
[White "Sauter, Daniel"]
[Black "Sidler, Raoul"]
[Result "0-1"]
[WhiteElo "1508"]
[BlackElo "1773"]
[PlyCount "116"]
[EventDate "2023.04.28"]
[EventType "swiss"]
[EventRounds "5"]
[EventCountry "SUI"]
[SourceTitle "CBM 214 Extra"]
[Source "ChessBase"]
[SourceDate "2023.07.31"]
[SourceVersion "1"]
[SourceVersionDate "2023.07.31"]
[SourceQuality "1"]

1. d4 Nf6 2. c4 e6 3. Nc3 d5 4. Bf4 Nbd7 5. e3 c6 6. a3 Be7 7. Be2 dxc4 8. Bxc4 Nb6 9. Be2 Nbd5 10. Nxd5 exd5 11. Nf3 Bf5 12. 0-0 h6 13. h3 Bd6 14. Bxd6 Qxd6 15. Bd3 Bxd3 16. Qxd3 0-0 17. b4 Rfc8 18. Nd2 Ne8 19. Nb3 Qe7 20. Nd2 Nd6 21. Rfe1 Re8 22. Qc2 a5 23. Qc5 Qc7 24. Rec1 axb4 25. axb4 Qd7 26. Qc3 Nb5 27. Qd3 Qe7 28. Rcb1 Rxa1 29. Rxa1 Qxb4 30. Kf1 Kf8 31. Nb3 Nd6 32. Ke2 Qc4 33. Rb1 Ra8 34. Qxc4 Nxc4 35. Ra1 Rxa1 36. Nxa1 Ke7 37. Kd3 Ke6 38. Nb3 b6 39. Nc1 Kd6 40. Na2 g6 41. Nc3 Ke6 42. Na2 Nd6 43. Nc3 c5 44. dxc5 bxc5 45. Nd1 Nb5 46. f3 Nd6 47. g4 f6 48. Nf2 Nf7 49. f4 Kd6 50. Nd1 g5 51. Nf2 Kc6 52. Kc3 Nd6 53. Kd3 c4+ 54. Kc3 Kc5 55. Nh1 Ne4+ 56. Kc2 Kb4 57. fxg5 hxg5 58. Kb2 c3+ 0-1

[Event "San Bernardino Spring op"]
[Site "San Bernardino"]
[Date "2021.05.07"]
[Round "1"]
[White "Szakolczai, Peter"]
[Black "Sidler, Raoul"]
[Result "1-0"]
[WhiteElo "2148"]
[BlackElo "1576"]
[PlyCount "75"]
[EventDate "2021.05.07"]
[EventType "swiss"]
[EventRounds "5"]
[EventCountry "SUI"]
[SourceTitle "EXT 2022"]
[Source "ChessBase"]
[SourceDate "2021.10.06"]
[SourceVersion "1"]
[SourceVersionDate "2021.10.06"]
[SourceQuality "1"]

1. e4 c5 2. Nc3 Nc6 3. f4 e6 4. Nf3 g6 5. d4 cxd4 6. Nxd4 a6 7. Nxc6 bxc6 8. Qd4 Nf6 9. e5 Nd5 10. Ne4 c5 11. Qf2 Bb7 12. c4 f5 13. cxd5 fxe4 14. dxe6 dxe6 15. Bc4 Bd5 16. Bb3 Qa5+ 17. Bd2 Qb5 18. Bc3 Be7 19. Qc2 0-0 20. Ba4 Qb7 21. 0-0 Rf7 22. Bd2 Rb8 23. b3 Rbf8 24. Be3 Rc8 25. Rac1 Rff8 26. Qf2 Qb4 27. Rfd1 Rfd8 28. h3 c4 29. bxc4 Bxc4 30. Rxd8+ Rxd8 31. Rxc4 Qxc4 32. Bb3 Qc6 33. f5 gxf5 34. Qxf5 Rf8 35. Qg4+ Kf7 36. Qh5+ Kg8 37. Bh6 Rf5 38. Qxf5 1-0

[Event "Ascona op 14th"]
[Site "Ascona"]
[Date "2021.03.28"]
[Round "5"]
[White "Boschetti, Claudio"]
[Black "Sidler, Raoul"]
[Result "1-0"]
[WhiteElo "2028"]
[BlackElo "1489"]
[PlyCount "51"]
[EventDate "2021.03.26"]
[EventType "swiss"]
[EventRounds "5"]
[EventCountry "SUI"]
[SourceTitle "CBM 202 Extra"]
[Source "ChessBase"]
[SourceDate "2021.07.31"]
[SourceVersion "1"]
[SourceVersionDate "2021.07.31"]
[SourceQuality "1"]

1. d4 Nf6 2. Bf4 e6 3. e3 d5 4. Nd2 Be7 5. Bd3 b6 6. Ngf3 0-0 7. Ne5 Nbd7 8. Qf3 c5 9. c3 Bb7 10. Qh3 Re8 11. g4 g6 12. Bb5 Bf8 13. Bg5 Be7 14. Bxd7 Nxd7 15. Nxf7 Qc8 16. f4 Nf6 17. Bxf6 Bxf6 18. Nd6 Qc6 19. Nxe8 Rxe8 20. g5 Bg7 21. 0-0 Ba6 22. Rf2 Qb5 23. Nf3 Qd3 24. Ne5 Qb5 25. a4 Qb3 26. Qf3 1-0

[Event "Lugano Special Edition op 19th"]
[Site "Lugano"]
[Date "2021.03.14"]
[Round "5"]
[White "Sidler, Raoul"]
[Black "Jaggy, Matteo"]
[Result "0-1"]
[WhiteElo "1489"]
[BlackElo "1887"]
[PlyCount "68"]
[EventDate "2021.03.12"]
[EventType "swiss"]
[EventRounds "5"]
[EventCountry "SUI"]
[SourceTitle "CBM 201 Extra"]
[Source "ChessBase"]
[SourceDate "2021.05.31"]
[SourceVersion "1"]
[SourceVersionDate "2021.05.31"]
[SourceQuality "1"]

1. d4 Nf6 2. c4 g6 3. Nc3 d5 4. cxd5 Nxd5 5. e4 Nxc3 6. bxc3 Bg7 7. Nf3 c5 8. Be3 Qa5 9. Qd2 Nc6 10. Rd1 0-0 11. Be2 Bg4 12. 0-0 Rad8 13. Qb2 Qc7 14. h3 Bxf3 15. Bxf3 f5 16. e5 f4 17. Bc1 cxd4 18. cxd4 Qd7 19. Qb3+ Kh8 20. Bb2 a5 21. Rd2 Nxe5 22. Qxb7 Qa4 23. Re2 Rb8 24. Qxe7 Nxf3+ 25. gxf3 Rbe8 26. Qa3 Qxa3 27. Bxa3 Rxe2 28. Bxf8 Bxf8 29. Rd1 Rxa2 30. d5 Bd6 31. Kg2 a4 32. Rd4 a3 33. h4 Kg7 34. Kh3 Rxf2 0-1

[Event "Davos Summer op"]
[Site "Davos"]
[Date "2020.07.09"]
[Round "1"]
[White "Savic, Robert"]
[Black "Sidler, Raoul"]
[Result "1-0"]
[WhiteElo "1928"]
[BlackElo "1488"]
[PlyCount "59"]
[EventDate "2020.07.09"]
[EventType "swiss"]
[EventRounds "5"]
[EventCountry "SUI"]
[SourceTitle "CBM 197 Extra"]
[Source "ChessBase"]
[SourceDate "2020.09.30"]
[SourceVersion "1"]
[SourceVersionDate "2020.09.30"]
[SourceQuality "1"]

1. d4 Nf6 2. Nf3 e6 3. c4 d5 4. g3 b6 5. Bg2 Bb7 6. Ne5 Be7 7. Qa4+ Nbd7 8. Nc6 Bxc6 9. Qxc6 0-0 10. 0-0 Rc8 11. cxd5 exd5 12. Nc3 Nb8 13. Qb7 a5 14. Bh3 Nbd7 15. Nxd5 Nxd5 16. Qxd5 Nf6 17. Qc4 Rb8 18. Bf4 Bd6 19. Bxd6 Qxd6 20. Rfc1 Rfd8 21. e3 Rb7 22. Qc6 Qxc6 23. Rxc6 h6 24. Rac1 Nd5 25. a3 b5 26. Bg2 b4 27. R6c5 bxa3 28. bxa3 c6 29. Rxc6 Rb3 30. Rc8 1-0